| 000 | 00344nmm a2200145 a 4500 | ||
|---|---|---|---|
| 003 | AR-BaBNM | ||
| 005 | 20251128202706.0 | ||
| 008 | 213119s1920 ||||||||||||||000 | spa|| | ||
| 040 | _cAR-BaBNM | ||
| 100 | 1 | _aPoe, Edgar Allan | |
| 245 | 1 | 0 | _aCuentos clásicos de norte |
| 260 |
_a[S.l.] _bDoubleday _c1920 |
||
| 942 | _cBK | ||
| 998 | _cMato Mourazos | ||
| 999 |
_c144 _d144 |
||